Giáo trình các mô hình ra quyết định

Giới thiệu môn học và một số tình huống trong thực tiễn liên quan đến mô hình toán học qui hoạch tuyến tính, phương pháp hữu hạn giải mô hình qui hoạch tuyến tính, bài toán vận tải, bài toán sản xuất đồng bộ kèm theo bài tập thực hành cu...

ver descrição completa

Na minha lista:
Detalhes bibliográficos
Autor principal: Phạm, Ngọc Anh
Formato: Livro
Idioma:Undetermined
Publicado em: Hà Nội Thông tin và Truyền thông 2010
Assuntos:
Tags: Adicionar Tag
Sem tags, seja o primeiro a adicionar uma tag!
Thư viện lưu trữ: Trung tâm Học liệu Trường Đại học Cần Thơ
LEADER 01018nam a2200205Ia 4500
001 CTU_202828
008 210402s9999 xx 000 0 und d
020 |c 40000 
082 |a 519.5 
082 |b A107 
100 |a Phạm, Ngọc Anh 
245 0 |a Giáo trình các mô hình ra quyết định 
245 0 |c Phạm Ngọc Anh, Nguyễn Đức Hiền 
260 |a Hà Nội 
260 |b Thông tin và Truyền thông 
260 |c 2010 
520 |a Giới thiệu môn học và một số tình huống trong thực tiễn liên quan đến mô hình toán học qui hoạch tuyến tính, phương pháp hữu hạn giải mô hình qui hoạch tuyến tính, bài toán vận tải, bài toán sản xuất đồng bộ kèm theo bài tập thực hành cuối mỗi chương 
650 |a Algebras, linear,Đại số, tuyến tính 
904 |i Nguyên 
980 |a Trung tâm Học liệu Trường Đại học Cần Thơ